ՀՀ Գիտությունների ազգային ակադեմիայի հիմնարար գիտական գրադարան  =   Fundamental Scientific Library of NAS RA

Происхожденiе семьи, частной собственности и государства / (Record no. 151928)

MARC details
000 -LEADER
fixed length control field 00697nam a2200205 a 4500
001 - CONTROL NUMBER
control field 000401244
003 - CONTROL NUMBER IDENTIFIER
control field AM-YeHGA
005 - DATE AND TIME OF LATEST TRANSACTION
control field 20250617132505.0
008 - FIXED-LENGTH DATA ELEMENTS--GENERAL INFORMATION
fixed length control field 041227s1894 ||| r 000 0 rus d
040 ## - CATALOGING SOURCE
Original cataloging agency AM-YeHGA
041 0# - LANGUAGE CODE
Language code of text/sound track or separate title rus
090 ## - LOCALLY ASSIGNED LC-TYPE CALL NUMBER (OCLC); LOCAL CALL NUMBER (RLIN)
-- 153322
100 1# - MAIN ENTRY--PERSONAL NAME
Personal name Энгельсъ, Фридрихъ
245 10 - TITLE STATEMENT
Title Происхожденiе семьи, частной собственности и государства /
Statement of responsibility, etc. Фридрихъ Энгельсъ.
260 ## - PUBLICATION, DISTRIBUTION, ETC.
Place of publication, distribution, etc. С.-Петербургъ :
Name of publisher, distributor, etc. Б. и.,
Date of publication, distribution, etc. 1894.
300 ## - PHYSICAL DESCRIPTION
Extent 175 с.
500 ## - GENERAL NOTE
General note Пер. съ 4-го нем. изд.
653 0# - INDEX TERM--UNCONTROLLED
Uncontrolled term История - Германия
653 0# - INDEX TERM--UNCONTROLLED
Uncontrolled term Германия - История
Holdings
Withdrawn status Lost status Damaged status Not for loan Collection Home library Current library Date acquired Total checkouts Full call number Barcode Date last seen Price effective from Koha item type Public note
        General Fundamental Scientific Library Fundamental Scientific Library 28/12/2016   3К13 110051747 28/12/2016 28/12/2016 Գրքեր / Books Two weeks Loan


ՀՀ ԳԱԱ հիմնարար գիտական գրադարան
ՀՀ,Երևան 0019
Մարշալ Բաղրամյան 24/6
հեռախոս:(374-10) 52-47-50
Հետադարձ կապ

All site content, except where otherwise noted, is licensed under a
Creative Commons License